00450 2200145 4500001002100000008004100021035002000062245005300082100001700135260002500152300001400177082001000191650009000201990001300291INLIS000000000000531 ind  a0010-0322000531 aLEGENDA RATU LAUT SELATAN (NYI RORO KIDUL)cIKHA aRAHIMSYAH AR aSURABAYAbSERBA JAYA ahlm.ccm. a398.2 aFOLK LITERATURE, FAIRY TALES, MYTH, MYTHOLOGY/CERITA RAKYAT, DONGENG, MITOS, MITOLOGI a102704-1